000 00599cam a22002051 4500
001 ca 36000395
003 DLC
005 20260227111141.0
008 880802s1936 wiua j 000 1 eng
010 _aca 36000395
035 _a(OCoLC)18298531
040 _aDLC
_cRPB
_dRPB
_dDLC
042 _apremarc
050 0 0 _aPZ10.3.D632
_bAb
110 2 _aWalt Disney Productions.
245 1 0 _aA B C Mickey Mouse alphabet book,
_cby Walt Disney.
260 _aRacine, Wis.,
_bWhitman Publishing Co.
_c[c1936]
300 _a[32] p.
_bcol. illus.
_c24 cm.
500 _aLining-papers illustrated in colors.
999 _c18077
_d18077